| 000 | 00341nam a22001457a 4500 | ||
|---|---|---|---|
| 003 | SGT | ||
| 020 | _a978-81-224-3623-5 | ||
| 082 | _a310.72, R14K | ||
| 100 | _aKOTHARI, C. R. | ||
| 245 | _aRESEARCH METHODOLOGY | ||
| 260 |
_aDELHI _bNEW AGE INTERNATIONAL _c2014 |
||
| 300 | _a499 | ||
| 650 | _aRESEARCH METHODOLOGY | ||
| 942 |
_2ddc _cBK _0127 |
||
| 999 |
_c9196 _d9196 |
||